| 000 | 01846cgm a2200349 a 4500 | ||
|---|---|---|---|
| 003 | SA-RiAUC | ||
| 005 | 20260317123832.0 | ||
| 007 | hd b|u uuuu | ||
| 008 | 260212s1882 |||--- g a fnara c | ||
| 040 |
_aSA-MaMIU _bara _cSA-RiAUC |
||
| 082 | 0 | 4 | _a251.1 |
| 090 |
_aم ن 251.1 _bب ش ا |
||
| 100 | 1 | _aالبشاوري، محمد أيوب بن محمد | |
| 245 | 1 | 2 |
_aالعقد الجديد في الاجتهاد والتقليد/ _cمحمد أيوب بن محمد لطيف الله الحنفي البشاوري. |
| 260 | _c[1882] | ||
| 300 |
_a99 صفحة؛ _c29 سم. |
||
| 340 | _dخط مشرقي نسخي جيد متقن. | ||
| 500 | _aنسخة تامة واضحة. | ||
| 500 | _aالصفحات مرقمة من : 24 / ب-30. | ||
| 500 | _aيوجد عليها تصويبات يسيرة. | ||
| 500 | _aلم نجد ترجمة للمؤلف في المصادر. | ||
| 500 | _aأوله : بعد البسملة الحمد لله وكفى والصلاة محمد المصطفى ... أما بعد فيقول الفقير ... هذا عقد جيد جديد في نظم دلائل الاجتهاد والتقليد ... | ||
| 500 | _aآخره : فأقول كما قال سعر ... تم اعتقادي مذهب النعمان وقد وقع الفراغ من تحريرها يوم الأحد ... | ||
| 500 | _aنسخ : محمد بن عبده الحفراوي. | ||
| 533 |
_aميكروفيلم. _b[د. م. : _cد. ن.، _d19--] _e1 ميكروفيلم : سالب. |
||
| 534 | _pالأصل ورقي. | ||
| 535 | 1 |
_aالجمعية الآسيوية ؛ _cكلكتا، الهند _g(432) |
|
| 650 | 7 |
_aالاجتهاد (أصول فقه) _vمخطوطات _2aucsh |
|
| 650 | 7 |
_aالتقليد (أصول فقه) _vمخطوطات _2aucsh |
|
| 942 |
_2ddc _cRBOOK COPY _n0 |
||
| 949 |
_aSA-JeALM _d260212 _umohamedma123 _n1 |
||
| 999 |
_c14664 _d14664 |
||